Catálogo

Días y noches de amor y de guerra / (Registro nro. 61508)

Detalles MARC
000 -LEADER
fixed length control field 00651nam a2200205 u 4500
001 - CONTROL NUMBER
control field 61508
005 - DATE AND TIME OF LATEST TRANSACTION
control field 20180714063150.0
008 - FIXED-LENGTH DATA ELEMENTS--GENERAL INFORMATION
fixed length control field 141006s2000 mx r 000 0 spa d
020 ## - INTERNATIONAL STANDARD BOOK NUMBER
International Standard Book Number 978-968-411-496-8
082 0# - DEWEY DECIMAL CLASSIFICATION NUMBER
Classification number 863
Item number GAL
100 1# - MAIN ENTRY--PERSONAL NAME
Personal name Galeano, Eduardo,
Dates associated with a name 1940
Relator term autor
245 10 - TITLE STATEMENT
Title Días y noches de amor y de guerra /
Statement of responsibility, etc. Eduardo Galeano.
264 #1 - PRODUCTION, PUBLICATION, DISTRIBUTION, MANUFACTURE, AND COPYRIGHT NOTICE
Place of production, publication, distribution, manufacture México :
Name of producer, publisher, distributor, manufacturer Ediciones Era,
Date of production, publication, distribution, manufacture, or copyright notice 2000
300 ## - PHYSICAL DESCRIPTION
Extent 223 páginas ;
Dimensions 21 cm.
336 ## - CONTENT TYPE
Content type term texto
Source rdacontent
337 ## - MEDIA TYPE
Media type term sin mediación
Source rdamedia
338 ## - CARRIER TYPE
Carrier type term volume
Source rdacarrier
650 04 - SUBJECT ADDED ENTRY--TOPICAL TERM
Topical term or geographic name entry element Literatura uruguaya
General subdivision siglo XX
650 04 - SUBJECT ADDED ENTRY--TOPICAL TERM
Topical term or geographic name entry element Literatura y política
General subdivision Latinoamérica
Existencias
Withdrawn status Lost status Source of classification or shelving scheme Damaged status Not for loan Collection code Home library Current library Shelving location Date acquired Source of acquisition Inventory number Total Checkouts Full call number Barcode Date last seen Date last checked out Price effective from Koha item type
    Dewey Decimal Classification     General Biblioteca Karol Wojtyla Biblioteca Karol Wojtyla Sala general 06/10/2014 Compra 151000000000000000033849 2 863 GAL 2000 92556 05/01/2026 25/04/2022 06/10/2014 Libro